Statistiken für Geographie nach Bild - K

Klicken Sie hier um das Quiz zu spielen!

Allgemein

  • Dieses Quiz wurde 5.956 mal gespielt
  • Das Durchschnittsergebnis liegt bei 11 aus 18

Antwortstatistiken

Antwort% Korrekt
Kalifornien
91%
Kolosseum
90%
Kasachstan
84%
Kilimandscharo
78%
Kuba
78%
Korea
75%
{Kaspisches} Meer
74%
Kanada
73%
Katalonien
70%
K2
63%
Kroatien
59%
Kuala Lumpur
58%
Komodo
48%
Kopenhagen
46%
Kapstadt
43%
Kreml
33%
Kathmandu
19%
Kyūshū
14%

Verteilung der Resultate

Perzentil nach korrekt beantworteten Fragen

Anzahl Personen mit jedem Resultat

Ihre Resultats-Entwicklung

Sie haben dieses Quiz noch nicht gespielt